Bài giảng đại số truyến tính và ứng dụng

Gespeichert in:
Bibliographische Detailangaben
1. Verfasser: Nguyễn Quang Hòa
Format: Buch
Sprache:Undetermined
Veröffentlicht: Cần Thơ Trường Đại học Cần Thơ - Khoa Khoa học 1996
Schlagworte:
Tags: Tag hinzufügen
Keine Tags, Fügen Sie den ersten Tag hinzu!
Thư viện lưu trữ: Trung tâm Học liệu Trường Đại học Cần Thơ
LEADER 00545nam a2200169Ia 4500
001 CTU_35409
008 210402s9999 xx 000 0 und d
082 |a 512.5 
082 |b H401 
100 |a Nguyễn Quang Hòa 
245 0 |a Bài giảng đại số truyến tính và ứng dụng 
245 0 |c Nguyễn Quang Hòa 
260 |a Cần Thơ 
260 |b Trường Đại học Cần Thơ - Khoa Khoa học 
260 |c 1996 
650 |a algebras, linear 
980 |a Trung tâm Học liệu Trường Đại học Cần Thơ